[Event "Werner-Ott-Open Kreuzberger Sommer 2016"]
[Site "Berlin"]
[Date "2016.07.17"]
[Round "2.2"]
[White "Rietze, Clemens"]
[Black "Thesing, Ansgar"]
[Result "1-0"]
[WhiteElo "2359"]
[BlackElo "2009"]
[PlyCount "75"]
[EventDate "2016.07.??"]
[EventType "swiss"]
[EventRounds "9"]
[EventCountry "GER"]
[Source "SC Kreuzberg/AL"]
[SourceDate "2016.07.24"]
[WhiteTeam "SC Rotation Pankow"]
[BlackTeam "SC Kreuzberg"]
[WhiteTeamCountry "GER"]
[BlackTeamCountry "GER"]

1. d4 Nf6 2. c4 g6 3. Nc3 Bg7 4. e4 d6 5. f3 O-O 6. Be3 c5 7. Nge2 Nc6 8. d5
Ne5 9. Ng3 h5 10. Be2 h4 11. Nf1 Bd7 12. h3 e6 13. a4 exd5 14. cxd5 c4 15. Nd2
Nh5 16. Bxc4 Ng3 17. Rg1 Nxc4 18. Nxc4 Qc7 19. Qd3 Rfc8 20. b3 b5 21. axb5
Bxc3+ 22. Qxc3 Bxb5 23. Rc1 Bxc4 24. bxc4 a5 25. Kf2 a4 26. Rc2 Rcb8 27. Qf6
Qd8 28. Qxd8+ Rxd8 29. Bg5 Rdb8 30. Bxh4 Nh5 31. Bg5 f6 32. Bd2 Kf7 33. g4 Ng7
34. Ra1 a3 35. Rca2 Ra4 36. Rxa3 Rxc4 37. Ra7+ Kg8 38. Ra8 1-0

[Event "Werner-Ott-Open Kreuzberger Sommer 2016"]
[Site "Berlin"]
[Date "2016.07.17"]
[Round "2.3"]
[White "Heerde, Thomas"]
[Black "Von Herman, Ulf"]
[Result "0-1"]
[WhiteElo "2006"]
[BlackElo "2341"]
[PlyCount "120"]
[EventDate "2016.07.??"]
[EventType "swiss"]
[EventRounds "9"]
[EventCountry "GER"]
[Source "SC Kreuzberg/AL"]
[SourceDate "2016.07.24"]
[WhiteTeam "SC Weisse Dame"]
[BlackTeam "SK Koenig Tegel 1949"]
[WhiteTeamCountry "GER"]
[BlackTeamCountry "GER"]

1. Nf3 Nf6 2. g3 g6 3. Bg2 Bg7 4. O-O O-O 5. c4 d5 6. cxd5 Nxd5 7. Nc3 Nb6 8.
d3 Nc6 9. a3 h6 10. Qc2 Bg4 11. Be3 e5 12. Rac1 Nd4 13. Bxd4 exd4 14. Ne4 c6
15. h3 Bf5 16. Nc5 Qc7 17. Nd2 Rae8 18. Nde4 Bc8 19. g4 Nd5 20. Rfe1 Nf4 21.
Bf1 h5 22. e3 Nd5 23. g5 Qd8 24. Kh1 Re7 25. Bg2 Rfe8 26. Qd2 Be5 27. Nb3 dxe3
28. fxe3 Bf5 29. Nd4 Bxe4 30. Bxe4 Bxd4 31. exd4 Nc7 32. Rc4 Rd7 33. Qa5 a6 34.
h4 Re6 35. a4 Red6 36. Qe5 Rxd4 37. b3 R4d6 38. Rf1 Nd5 39. Qg3 Re6 40. Qf3 Qe7
41. Rd4 Nb6 42. Qf2 Nc8 43. b4 Rxd4 44. Qxd4 Nd6 45. Rf4 Qd7 46. Kg2 Re7 47.
Bxg6 fxg6 48. Qf6 Kh7 49. Rd4 Re6 50. Qf8 Qf7 51. Qxf7+ Nxf7 52. Rd7 Kg7 53.
Rxb7 Rd6 54. Rb6 Rd4 55. Kg3 Rxd3+ 56. Kf4 Rd4+ 57. Ke3 Rxh4 58. Kd3 Rg4 59.
Kc3 h4 60. Rxc6 h3 0-1

[Event "Werner-Ott-Open Kreuzberger Sommer 2016"]
[Site "Berlin"]
[Date "2016.07.17"]
[Round "2.4"]
[White "Rosmann, Ilja"]
[Black "Scheide, Helmut"]
[Result "1-0"]
[WhiteElo "2288"]
[BlackElo "1992"]
[PlyCount "35"]
[EventDate "2016.07.??"]
[EventType "swiss"]
[EventRounds "9"]
[EventCountry "GER"]
[Source "SC Kreuzberg/AL"]
[SourceDate "2016.07.24"]
[WhiteTeam "Koenigsspringer SC"]
[BlackTeam "USV Potsdam"]
[WhiteTeamCountry "GER"]
[BlackTeamCountry "GER"]

1. e4 e5 2. Nf3 Nc6 3. Bb5 a6 4. Ba4 Nf6 5. Qe2 d6 6. Bxc6+ bxc6 7. d3 Be7 8.
h3 Bd7 9. Nc3 Qc8 10. Bd2 Rb8 11. b3 O-O 12. g4 Nxg4 {(=)} 13. hxg4 Bxg4 14.
O-O-O f5 15. Rdg1 d5 16. exd5 cxd5 17. Qxe5 Qd8 18. Qe6+ 1-0

[Event "Werner-Ott-Open Kreuzberger Sommer 2016"]
[Site "Berlin"]
[Date "2016.07.17"]
[Round "2.5"]
[White "Lindenau, Jorge"]
[Black "Johansson, Thomas"]
[Result "1/2-1/2"]
[WhiteElo "1992"]
[BlackElo "2222"]
[PlyCount "52"]
[EventDate "2016.07.??"]
[EventType "swiss"]
[EventRounds "9"]
[EventCountry "GER"]
[Source "SC Kreuzberg/AL"]
[SourceDate "2016.07.24"]
[WhiteTeam "SC Kreuzberg"]
[BlackTeam "Uppsala ASS"]
[WhiteTeamCountry "GER"]
[BlackTeamCountry "SWE"]

1. e4 e5 2. Nf3 Nc6 3. Bb5 a6 4. Ba4 Nf6 5. O-O b5 6. Bb3 Be7 7. d3 d6 8. a4 b4
9. Re1 O-O 10. Nbd2 Na5 11. Ba2 c5 12. c3 bxc3 13. bxc3 Be6 14. Bxe6 fxe6 15.
d4 Nd7 16. dxe5 Nxe5 17. Nxe5 dxe5 18. Qe2 Qc7 19. Nc4 Nxc4 20. Qxc4 Qc6 21.
Be3 Rab8 22. Rab1 h6 23. g3 Kh7 24. Red1 Kh8 25. Kg2 Kh7 26. Kg1 Kh8 1/2-1/2

[Event "Werner-Ott-Open Kreuzberger Sommer 2016"]
[Site "Berlin"]
[Date "2016.07.17"]
[Round "2.6"]
[White "Postler, Reinhard"]
[Black "Jurkatis, Hagen"]
[Result "1/2-1/2"]
[WhiteElo "2218"]
[BlackElo "1985"]
[PlyCount "40"]
[EventDate "2016.07.??"]
[EventType "swiss"]
[EventRounds "9"]
[EventCountry "GER"]
[Source "SC Kreuzberg/AL"]
[SourceDate "2016.07.24"]
[WhiteTeam "TSG Oberschoeneweide"]
[BlackTeam "SC Kreuzberg"]
[WhiteTeamCountry "GER"]
[BlackTeamCountry "GER"]

1. e4 d6 2. d4 g6 3. Nc3 Bg7 4. Nf3 a6 5. a4 b6 6. g3 Bb7 7. Bg2 e6 8. O-O Ne7
9. Qe2 O-O 10. Bf4 h6 11. h4 Nd7 12. Rad1 Qe8 13. Rfe1 Rc8 14. Bc1 c5 15. dxc5
Nxc5 16. Rxd6 Nxa4 17. Nxa4 Qxa4 18. Rxb6 Rxc2 19. Qd3 Bxe4 20. Rxa6 Bxd3
1/2-1/2

[Event "Werner-Ott-Open Kreuzberger Sommer 2016"]
[Site "Berlin"]
[Date "2016.07.17"]
[Round "2.7"]
[White "Thaer, Abdulkadhim Ismaeel"]
[Black "Niehaus, Frank"]
[Result "0-1"]
[WhiteElo "1978"]
[BlackElo "2214"]
[PlyCount "95"]
[EventDate "2016.07.??"]
[EventType "swiss"]
[EventRounds "9"]
[EventCountry "GER"]
[Source "SC Kreuzberg/AL"]
[SourceDate "2016.07.24"]
[WhiteTeam "ohne Verein"]
[BlackTeam "SK Koenig Tegel 1949"]
[BlackTeamCountry "GER"]

1. d4 Nf6 2. Nf3 c5 3. c4 cxd4 4. Nxd4 e5 5. Nf3 Nc6 6. Nc3 Bb4 7. Bd2 e4 8.
Ng5 Qe7 9. Nd5 Nxd5 10. cxd5 Qxg5 11. dxc6 Bxd2+ 12. Qxd2 Qxd2+ 13. Kxd2 dxc6
14. Ke3 f5 15. Kf4 Be6 16. g3 Ke7 17. Bg2 Rhd8 18. Ke3 Rd7 19. a3 Rad8 20. Rhc1
Rd2 21. b4 Rb2 22. Rcb1 Rdd2 23. Rxb2 Rxb2 24. f3 Bd5 25. fxe4 fxe4 26. Bh3 Kd6
27. Bf5 g6 28. Bg4 Ke5 29. Bc8 b6 30. Bd7 Bc4 31. Re1 Rb3+ 32. Kd2 Kd6 33. Bc8
Rxa3 34. e3 Rd3+ 35. Kc2 Bb3+ 36. Kb2 Bd5 37. Ra1 Kc7 38. Bg4 Kb8 39. Rf1 Rxe3
40. Rf8+ Kb7 41. Rh8 h5 42. Rh7+ Ka6 43. Bd1 Kb5 44. Rxa7 Kxb4 45. Ra6 Re1 46.
Bc2 Re2 47. Kc1 Kc3 48. Bd1 0-1

[Event "Werner-Ott-Open Kreuzberger Sommer 2016"]
[Site "Berlin"]
[Date "2016.07.17"]
[Round "2.8"]
[White "Johansson, Gunnar"]
[Black "Reiche, Henry"]
[Result "1-0"]
[WhiteElo "2205"]
[BlackElo "1972"]
[PlyCount "45"]
[EventDate "2016.07.??"]
[EventType "swiss"]
[EventRounds "9"]
[EventCountry "GER"]
[Source "SC Kreuzberg/AL"]
[SourceDate "2016.07.24"]
[WhiteTeam "Solna Schacksaellskap"]
[BlackTeam "SC Zugzwang 95"]
[WhiteTeamCountry "SWE"]
[BlackTeamCountry "GER"]

1. d4 d6 2. Nf3 g6 3. c4 Bg7 4. e4 Nd7 5. Nc3 c5 6. d5 Nh6 7. Be2 O-O 8. Ng5
Re8 9. h4 Nf8 10. h5 f5 11. hxg6 hxg6 12. Ne6 Bxe6 13. dxe6 Ng4 14. exf5 Nf6
15. g4 b5 16. g5 gxf5 17. gxf6 exf6 18. Qd5 Rxe6 19. cxb5 Kf7 20. Be3 Ke7 21.
O-O-O Rc8 22. Rdg1 Kf7 23. Qg2 1-0

[Event "Werner-Ott-Open Kreuzberger Sommer 2016"]
[Site "Berlin"]
[Date "2016.07.17"]
[Round "2.9"]
[White "Krefenstein, Sergej"]
[Black "Jaeger, Andre"]
[Result "1-0"]
[WhiteElo "2202"]
[BlackElo "1941"]
[PlyCount "61"]
[EventDate "2016.07.??"]
[EventType "swiss"]
[EventRounds "9"]
[EventCountry "GER"]
[Source "SC Kreuzberg/AL"]
[SourceDate "2016.07.24"]
[WhiteTeam "TuS Makkabi Berlin"]
[BlackTeam "SC Rochade"]
[WhiteTeamCountry "GER"]
[BlackTeamCountry "GER"]

1. e4 c5 2. Nf3 Nc6 3. d4 cxd4 4. Nxd4 Nf6 5. Nc3 e5 6. Ndb5 d6 7. Bg5 a6 8.
Na3 Be6 9. Nc4 Rc8 10. Bxf6 Qxf6 11. Nb6 Rb8 12. Ncd5 Qg6 13. Qd3 Be7 14. Nc7+
Kd8 15. Ncd5 f5 16. O-O-O fxe4 17. Qc3 Bxd5 18. Nxd5 Bg5+ 19. Kb1 Rc8 20. h4
Bh6 21. g3 Rf8 22. Bh3 Rb8 23. Rhf1 Rf3 24. Qc4 e3 25. fxe3 Qxg3 26. Bg4 Rxf1
27. Rxf1 g6 28. a3 Qxh4 29. Rf7 Qh1+ 30. Ka2 Qh4 31. Rd7+ 1-0

[Event "Werner-Ott-Open Kreuzberger Sommer 2016"]
[Site "Berlin"]
[Date "2016.07.17"]
[Round "2.10"]
[White "Sidabras, Jonas"]
[Black "Kohler, Thomas"]
[Result "1/2-1/2"]
[WhiteElo "1953"]
[BlackElo "2194"]
[PlyCount "46"]
[EventDate "2016.07.??"]
[EventType "swiss"]
[EventRounds "9"]
[EventCountry "GER"]
[Source "SC Kreuzberg/AL"]
[SourceDate "2016.07.24"]
[WhiteTeam "SC Kreuzberg"]
[BlackTeam "SC Zitadelle Spandau"]
[WhiteTeamCountry "GER"]
[BlackTeamCountry "GER"]

1. d4 Nf6 2. Nf3 c5 3. e3 g6 4. g3 Bg7 5. Bg2 O-O 6. O-O d5 7. b3 Nc6 8. Bb2
Ne4 9. Nbd2 Bf5 10. Ne5 Nxd2 11. Nxc6 bxc6 12. Qxd2 cxd4 13. exd4 Qb6 14. Bc3
Rfe8 15. Rfe1 Rac8 16. Rad1 Bg4 17. Rc1 Bd7 18. h3 e6 19. Rcd1 Bf8 20. Ba5 Qa6
21. Bf1 Qb7 22. c4 Bg7 23. Bc3 Qb8 1/2-1/2

[Event "Werner-Ott-Open Kreuzberger Sommer 2016"]
[Site "Berlin"]
[Date "2016.07.17"]
[Round "2.11"]
[White "Ferster, Fabian"]
[Black "Jess, Arne"]
[Result "1-0"]
[WhiteElo "2170"]
[BlackElo "1910"]
[PlyCount "63"]
[EventDate "2016.07.??"]
[EventType "swiss"]
[EventRounds "9"]
[EventCountry "GER"]
[Source "SC Kreuzberg/AL"]
[SourceDate "2016.07.24"]
[WhiteTeam "SK Ottenau"]
[BlackTeam "TSG Fredersdorf/Vogelsdorf"]
[WhiteTeamCountry "GER"]
[BlackTeamCountry "GER"]

1. d4 d5 2. c4 e5 3. dxe5 d4 4. Nf3 Nc6 5. Nbd2 Bg4 6. a3 Qe7 7. h3 Bxf3 8.
Nxf3 f6 9. Qb3 O-O-O 10. exf6 Nxf6 11. Bg5 h6 12. Bxf6 Qxf6 13. O-O-O g5 14. g4
Ne5 15. Bg2 Nxf3 16. Bxf3 c6 17. Rd3 Rh7 18. Kb1 Re7 19. Rhd1 Bg7 20. Qa4 Kb8
21. b4 Qf4 22. R1d2 Qh2 23. c5 Qxf2 24. b5 cxb5 25. Qxb5 Rc8 26. Rb2 Rcc7 27.
a4 Qg3 28. c6 b6 29. a5 Re5 30. Qa6 Qe1+ 31. Kc2 Rxa5 32. Qc4 1-0

[Event "Werner-Ott-Open Kreuzberger Sommer 2016"]
[Site "Berlin"]
[Date "2016.07.17"]
[Round "2.12"]
[White "Bergmann, Jens"]
[Black "Boettcher, Patrick"]
[Result "0-1"]
[WhiteElo "1920"]
[BlackElo "2169"]
[PlyCount "44"]
[EventDate "2016.07.??"]
[EventType "swiss"]
[EventRounds "9"]
[EventCountry "GER"]
[Source "SC Kreuzberg/AL"]
[SourceDate "2016.07.24"]
[WhiteTeam "SK Tempelhof 1931"]
[BlackTeam "SC Zitadelle Spandau"]
[WhiteTeamCountry "GER"]
[BlackTeamCountry "GER"]

1. e4 c5 2. b3 Nc6 3. Bb2 d6 4. Nf3 e5 5. h3 Nf6 6. Qe2 g6 7. g3 Bg7 8. Bg2 O-O
9. Na3 Rb8 10. c3 Re8 11. O-O d5 12. exd5 Nxd5 13. Qc4 b6 14. Nh2 Be6 15. Qe2
Qd7 16. Qf3 Rbd8 17. Ng4 f5 18. Ne3 e4 19. Qe2 Ne5 20. Nxd5 Bxd5 21. Nc4 Bxc4
22. Qxc4+ Nxc4 0-1

[Event "Werner-Ott-Open Kreuzberger Sommer 2016"]
[Site "Berlin"]
[Date "2016.07.17"]
[Round "2.13"]
[White "Oberling, Mario"]
[Black "Gebigke, Martin"]
[Result "0-1"]
[WhiteElo "1896"]
[BlackElo "2141"]
[PlyCount "72"]
[EventDate "2016.07.??"]
[EventType "swiss"]
[EventRounds "9"]
[EventCountry "GER"]
[Source "SC Kreuzberg/AL"]
[SourceDate "2016.07.24"]
[WhiteTeam "SV Hellas Nauen"]
[BlackTeam "SC Kreuzberg"]
[WhiteTeamCountry "GER"]
[BlackTeamCountry "GER"]

1. Nc3 c5 2. Nf3 Nf6 3. e4 d6 4. d4 cxd4 5. Nxd4 a6 6. a4 e5 7. Nf3 Be7 8. Be2
O-O 9. O-O Nc6 10. b3 Qc7 11. Nd5 Nxd5 12. exd5 Nb4 13. c4 Bf5 14. Qd2 a5 15.
Ne1 h6 16. Nd3 Bg5 17. Qd1 Bxc1 18. Rxc1 Nxd3 19. Bxd3 Bxd3 20. Qxd3 Qc5 21.
Rc3 f5 22. Qe3 b6 23. h4 Rae8 24. Kh2 Rf6 25. Rb1 Qb4 26. Qd2 Rg6 27. Rd3 Rg4
28. g3 Rxc4 29. Qd1 Rc5 30. Qh5 Rf8 31. Rdd1 Rc2 32. Qf3 f4 33. Rf1 fxg3+ 34.
Qxg3 Rf4 35. Kh3 Qe4 36. f3 Qf5+ 0-1

[Event "Werner-Ott-Open Kreuzberger Sommer 2016"]
[Site "Berlin"]
[Date "2016.07.17"]
[Round "2.14"]
[White "Bjarnehag, Peter"]
[Black "Matitschka, Heinz"]
[Result "1/2-1/2"]
[WhiteElo "2111"]
[BlackElo "1894"]
[PlyCount "56"]
[EventDate "2016.07.??"]
[EventType "swiss"]
[EventRounds "9"]
[EventCountry "GER"]
[Source "SC Kreuzberg/AL"]
[SourceDate "2016.07.24"]
[WhiteTeam "Solna Schacksaellskap"]
[BlackTeam "TSG Oberschoeneweide"]
[WhiteTeamCountry "SWE"]
[BlackTeamCountry "GER"]

1. c4 Nf6 2. Nc3 e6 3. e4 d5 4. e5 Nfd7 5. cxd5 Nxe5 6. d4 Ng6 7. Bb5+ c6 8.
dxc6 bxc6 9. Be2 Be7 10. Nf3 O-O 11. O-O Ba6 12. Be3 Bxe2 13. Qxe2 Nd7 14. Rfd1
Nb6 15. Qa6 Qc8 16. Qxc8 Raxc8 17. Rac1 Rfd8 18. Rc2 c5 19. dxc5 Rxd1+ 20. Nxd1
Nd5 21. Bd4 f6 22. Ne3 Ngf4 23. Nxd5 Nxd5 24. c6 Nb4 25. Rc4 Rxc6 26. Rxc6 Nxc6
27. Be3 e5 28. a3 Kf7 1/2-1/2

[Event "Werner-Ott-Open Kreuzberger Sommer 2016"]
[Site "Berlin"]
[Date "2016.07.17"]
[Round "2.15"]
[White "Bonnez, Finn"]
[Black "Roseneck, Jonas"]
[Result "0-1"]
[WhiteElo "1885"]
[BlackElo "2107"]
[PlyCount "78"]
[EventDate "2016.07.??"]
[EventType "swiss"]
[EventRounds "9"]
[EventCountry "GER"]
[Source "SC Kreuzberg/AL"]
[SourceDate "2016.07.24"]
[WhiteTeam "Kopenhagen"]
[BlackTeam "Aufbau Elbe Magdeburg"]
[WhiteTeamCountry "DEN"]
[BlackTeamCountry "GER"]

1. d4 Nf6 2. Nf3 d5 3. Bf4 c5 4. e3 Nc6 5. c3 Qb6 6. Qb3 c4 7. Qxb6 axb6 8. Ne5
Nh5 9. Nxc6 bxc6 10. Be5 Bf5 11. Nd2 Kd7 12. e4 Bxe4 13. Nxe4 dxe4 14. Bxc4 f6
15. Be2 fxe5 16. Bxh5 exd4 17. cxd4 g6 18. Bg4+ Kd6 19. a3 Bg7 20. O-O-O Ra4
21. Rhe1 h5 22. Bh3 Kd5 23. f3 e3 24. g3 Rc4+ 25. Kb1 Rxd4 26. f4 c5 27. Bg2+
Kd6 28. Bf3 Rxd1+ 29. Rxd1+ Bd4 30. a4 e5 31. fxe5+ Kxe5 32. Rf1 h4 33. g4 Rf8
34. Be2 Rf2 35. Rxf2 exf2 36. h3 Kf4 37. Kc2 Kg3 38. Bf1 Kh2 39. Kd1 Kg1 0-1

[Event "Werner-Ott-Open Kreuzberger Sommer 2016"]
[Site "Berlin"]
[Date "2016.07.17"]
[Round "2.16"]
[White "Zahn, Benno"]
[Black "Schmalzried, Volker"]
[Result "1-0"]
[WhiteElo "2105"]
[BlackElo "1883"]
[PlyCount "45"]
[EventDate "2016.07.??"]
[EventType "swiss"]
[EventRounds "9"]
[EventCountry "GER"]
[Source "SC Kreuzberg/AL"]
[SourceDate "2016.07.24"]
[WhiteTeam "SV Hellas Nauen"]
[BlackTeam "ohne Verein"]
[WhiteTeamCountry "GER"]

1. e4 c5 2. Nf3 Nc6 3. Bb5 g6 4. Bxc6 bxc6 5. O-O Bg7 6. Re1 Nf6 7. e5 Nd5 8.
c4 Nc7 9. d4 cxd4 10. Qxd4 O-O 11. Qh4 Ne6 12. Nc3 d5 13. Be3 Rb8 14. b3 f6 15.
Rad1 fxe5 16. cxd5 Bf6 17. dxe6 Qa5 18. Qc4 Ba6 19. Qc5 Qc7 20. Nd5 Qb7 21.
Nxf6+ Rxf6 22. Rd7 Qc8 23. Qxe7 1-0

[Event "Werner-Ott-Open Kreuzberger Sommer 2016"]
[Site "Berlin"]
[Date "2016.07.17"]
[Round "2.17"]
[White "Dathe, Frederick"]
[Black "Hahlbohm, Matthias"]
[Result "0-1"]
[WhiteElo "1866"]
[BlackElo "2103"]
[PlyCount "78"]
[EventDate "2016.07.??"]
[EventType "swiss"]
[EventRounds "9"]
[EventCountry "GER"]
[Source "SC Kreuzberg/AL"]
[SourceDate "2016.07.24"]
[WhiteTeam "SC Kreuzberg"]
[BlackTeam "TSG Oberschoeneweide"]
[WhiteTeamCountry "GER"]
[BlackTeamCountry "GER"]

1. Nf3 d5 2. d4 e6 3. c4 c6 4. cxd5 exd5 5. Bf4 Bd6 6. Bxd6 Qxd6 7. Nc3 Nf6 8.
e3 Bf5 9. Bd3 Bxd3 10. Qxd3 Nbd7 11. a3 O-O 12. O-O Rfe8 13. b4 g6 14. Rfe1 Ne4
15. Nd2 Nxd2 16. Qxd2 f5 17. f3 Nf6 18. Qd3 a6 19. e4 dxe4 20. fxe4 fxe4 21.
Nxe4 Nxe4 22. Rxe4 Rxe4 23. Qxe4 Rd8 24. Re1 Rd7 25. Qe6+ Qxe6 26. Rxe6 Kf7 27.
Re4 Re7 28. Rxe7+ Kxe7 29. Kf2 Ke6 30. Ke3 Kd5 31. Kd3 g5 32. h3 h6 33. a4 b6
34. g4 a5 35. bxa5 bxa5 36. Kc3 c5 37. dxc5 Kxc5 38. Kd3 Kb4 39. Kd4 Kxa4 0-1

[Event "Werner-Ott-Open Kreuzberger Sommer 2016"]
[Site "Berlin"]
[Date "2016.07.17"]
[Round "2.18"]
[White "Hohn, August"]
[Black "Shapiro, Yosip"]
[Result "0-1"]
[WhiteElo "1864"]
[BlackElo "2099"]
[PlyCount "94"]
[EventDate "2016.07.??"]
[EventType "swiss"]
[EventRounds "9"]
[EventCountry "GER"]
[Source "SC Kreuzberg/AL"]
[SourceDate "2016.07.24"]
[WhiteTeam "SC Zugzwang 95"]
[BlackTeam "SV Berolina Mitte"]
[WhiteTeamCountry "GER"]
[BlackTeamCountry "GER"]

1. c4 c5 2. g3 g6 3. Bg2 Bg7 4. e3 Nc6 5. Ne2 e5 6. O-O Nge7 7. d3 d6 8. Nbc3
O-O 9. a3 Rb8 10. Rb1 Be6 11. b4 cxb4 12. axb4 b6 13. Nd5 a5 14. Nec3 Bxd5 15.
cxd5 Nxb4 16. Ba3 Na6 17. Nb5 Nc5 18. d4 exd4 19. exd4 Nb7 20. Na7 Qc7 21. Qd2
Qc4 22. Nc6 Rbe8 23. Rxb6 Nxd5 24. Rxb7 Qxc6 25. Rfb1 Qc3 26. Qc1 Qxd4 27. Bxd5
Qxd5 28. Qc7 Be5 29. Bb2 a4 30. Bxe5 Qxe5 31. Ra7 Ra8 32. Rxa8 Rxa8 33. Qc6 Qe8
34. Qxd6 a3 35. Qd5 a2 36. Ra1 Qa4 37. Kg2 Ra5 38. Qd8+ Kg7 39. Qd3 h5 40. Qc3+
Kh7 41. h4 Ra7 42. Qf3 Qc4 43. Qf6 Rb7 44. Rd1 Qe6 45. Qc3 Rb1 46. Rd8 Qe4+ 47.
Kh2 Rh1# 0-1

[Event "Werner-Ott-Open Kreuzberger Sommer 2016"]
[Site "Berlin"]
[Date "2016.07.17"]
[Round "2.19"]
[White "Wallgren, Ulf"]
[Black "Huettmann, Jens"]
[Result "1-0"]
[WhiteElo "2095"]
[BlackElo "1786"]
[PlyCount "69"]
[EventDate "2016.07.??"]
[EventType "swiss"]
[EventRounds "9"]
[EventCountry "GER"]
[Source "SC Kreuzberg/AL"]
[SourceDate "2016.07.24"]
[WhiteTeam "Solna Schacksaellskap"]
[BlackTeam "Hamburger SK"]
[WhiteTeamCountry "SWE"]
[BlackTeamCountry "GER"]

1. e4 c6 2. d4 d5 3. f3 dxe4 4. fxe4 e5 5. Nf3 exd4 6. Bc4 Be6 7. Bxe6 fxe6 8.
Qxd4 Qxd4 9. Nxd4 e5 10. Nf3 Nd7 11. Bg5 Ngf6 12. Nbd2 Bd6 13. O-O-O O-O 14.
Nc4 Bc7 15. Bxf6 Nxf6 16. Rhe1 Rae8 17. Rd3 Rf7 18. Kd2 Rd7 19. b4 b5 20. Nb2
a5 21. a3 axb4 22. axb4 Bb6 23. Rxd7 Nxd7 24. Nd3 c5 25. bxc5 Bxc5 26. Rb1 Rb8
27. Nfxe5 Nxe5 28. Nxe5 Bd6 29. Nf3 b4 30. e5 Be7 31. Kd3 Rc8 32. Rb2 Kf7 33.
Nd4 Kg6 34. Ke4 Rd8 35. Nc6 1-0

[Event "Werner-Ott-Open Kreuzberger Sommer 2016"]
[Site "Berlin"]
[Date "2016.07.17"]
[Round "2.20"]
[White "Sulayev, Daniel"]
[Black "Barath, Madhan"]
[Result "0-1"]
[WhiteElo "1780"]
[BlackElo "2082"]
[PlyCount "68"]
[EventDate "2016.07.??"]
[EventType "swiss"]
[EventRounds "9"]
[EventCountry "GER"]
[Source "SC Kreuzberg/AL"]
[SourceDate "2016.07.24"]
[WhiteTeam "Schachpinguine Berlin"]
[BlackTeam "SC Zugzwang 95"]
[WhiteTeamCountry "GER"]
[BlackTeamCountry "GER"]

1. Nf3 Nf6 2. c4 e6 3. Nc3 Bb4 4. Qc2 O-O 5. g3 d5 6. a3 Be7 7. cxd5 exd5 8. d3
c5 9. Bg2 Nc6 10. O-O Bg4 11. Qd1 Qd7 12. Bd2 Rfe8 13. Rc1 Rac8 14. Na2 Bd6 15.
Be3 d4 16. Bd2 Qe6 17. b3 Qxe2 18. Qxe2 Rxe2 19. Rc2 Bf5 20. Nc1 Ree8 21. Nh4
Be6 22. h3 Bd5 23. Nf5 Bf8 24. Bf4 Rcd8 25. Bg5 Bxg2 26. Kxg2 Re6 27. Ne2 h6
28. Bxf6 Rxf6 29. g4 Ne5 30. Rd1 h5 31. f3 g6 32. Nh4 hxg4 33. hxg4 Rb6 34. Rb2
Be7 0-1

[Event "Werner-Ott-Open Kreuzberger Sommer 2016"]
[Site "Berlin"]
[Date "2016.07.18"]
[Round "3.1"]
[White "Kalinitschew, Sergey"]
[Black "Boettcher, Patrick"]
[Result "1-0"]
[WhiteElo "2394"]
[BlackElo "2169"]
[Annotator "Andreas Lange"]
[PlyCount "49"]
[EventDate "2016.07.??"]
[EventType "swiss"]
[EventRounds "9"]
[EventCountry "GER"]
[Source "SC Kreuzberg/AL"]
[SourceDate "2016.07.24"]
[WhiteTeam "SC Kreuzberg"]
[BlackTeam "SC Zitadelle Spandau"]
[WhiteTeamCountry "GER"]
[BlackTeamCountry "GER"]

1. Nf3 Nf6 2. c4 c5 3. d4 cxd4 4. Nxd4 b6 5. Nc3 Bb7 6. f3 e6 7. e4 d6 8. Be3
Be7 9. Be2 a6 10. O-O Nbd7 11. a4 Qc7 12. a5 bxa5 13. Nb3 Rb8 14. Nxa5 Ba8 15.
Qd2 O-O 16. Rfc1 Nc5 17. b4 Ncd7 18. Nd5 Qd8 19. Nxe7+ Qxe7 20. c5 $146 d5 21.
c6 Ne5 22. c7 Rbc8 23. Bc5 Qd7 24. Bxf8 Kxf8 25. Qd4 1-0

[Event "Werner-Ott-Open Kreuzberger Sommer 2016"]
[Site "Berlin"]
[Date "2016.07.18"]
[Round "3.2"]
[White "Gebigke, Martin"]
[Black "Rietze, Clemens"]
[Result "0-1"]
[WhiteElo "2141"]
[BlackElo "2359"]
[PlyCount "140"]
[EventDate "2016.07.??"]
[EventType "swiss"]
[EventRounds "9"]
[EventCountry "GER"]
[Source "SC Kreuzberg/AL"]
[SourceDate "2016.07.24"]
[WhiteTeam "SC Kreuzberg"]
[BlackTeam "SC Rotation Pankow"]
[WhiteTeamCountry "GER"]
[BlackTeamCountry "GER"]

1. d4 f5 2. Nf3 Nf6 3. g3 g6 4. Bg2 Bg7 5. O-O O-O 6. c4 d6 7. Nc3 Qe8 8. d5 a5
9. Be3 Na6 10. Rc1 Ng4 11. Bf4 h6 12. Bd2 Bd7 13. b3 Nf6 14. Be3 g5 15. h4 f4
16. Bd4 Qh5 17. Re1 Rf7 18. hxg5 hxg5 19. gxf4 gxf4 20. e4 fxe3 21. fxe3 Bg4
22. Rf1 Nh7 23. Bxg7 Rxg7 24. Qd4 Bh3 25. Rc2 Rg4 26. Qd1 Qg6 27. Rff2 Rf8 28.
Ne1 Nf6 29. Qf3 Rg3 30. Qf4 Nc5 31. Kh1 Bd7 32. Bf3 Rg1+ 33. Kh2 Ng4+ 34. Kxg1
Nxf2+ 35. Kxf2 Rxf4 36. exf4 Qf6 37. Ke3 Kf8 38. Ne4 Nxe4 39. Bxe4 Bf5 40. Bxf5
Qxf5 41. a4 c6 42. dxc6 bxc6 43. Nd3 Qh3+ 44. Kd2 Qg2+ 45. Kc3 Qg7+ 46. Kd2 Qd4
47. Rc1 Kf7 48. c5 Qd5 49. cxd6 exd6 50. Rc4 Ke6 51. Kc3 Qg2 52. b4 axb4+ 53.
Rxb4 Qa2 54. Re4+ Kf5 55. Rc4 Qa3+ 56. Kd4 Qa1+ 57. Ke3 c5 58. Kd2 Qa2+ 59. Kc3
Qa3+ 60. Kc2 Ke6 61. Nb2 d5 62. Rc3 Qb4 63. Re3+ Kf6 64. Rb3 Qe4+ 65. Kc3 c4
66. Rb5 Qe1+ 67. Kc2 d4 68. Rc5 Qe2+ 69. Kb1 c3 70. Nc4 d3 0-1

[Event "Werner-Ott-Open Kreuzberger Sommer 2016"]
[Site "Berlin"]
[Date "2016.07.18"]
[Round "3.3"]
[White "Von Herman, Ulf"]
[Black "Zahn, Benno"]
[Result "1-0"]
[WhiteElo "2341"]
[BlackElo "2105"]
[PlyCount "53"]
[EventDate "2016.07.??"]
[EventType "swiss"]
[EventRounds "9"]
[EventCountry "GER"]
[Source "SC Kreuzberg/AL"]
[SourceDate "2016.07.24"]
[WhiteTeam "SK Koenig Tegel 1949"]
[BlackTeam "SV Hellas Nauen"]
[WhiteTeamCountry "GER"]
[BlackTeamCountry "GER"]

1. c4 Nf6 2. d4 e6 3. Nf3 d5 4. g3 Be7 5. Bg2 O-O 6. O-O dxc4 7. Qc2 a6 8. a4
Nc6 9. Qxc4 Nb4 10. Bg5 b5 11. Qc1 Bb7 12. Nc3 Nbd5 13. axb5 Nxc3 14. bxc3 axb5
15. Qb2 Rb8 16. Rfd1 h6 17. Bf4 Nd5 18. Bd2 Nf6 19. Ra5 c6 20. Raa1 Qb6 21. Ne5
Ba8 22. Nd3 c5 23. Bf4 Rbd8 24. dxc5 Bxc5 25. Bxa8 Ng4 26. Bf3 Bxf2+ 27. Kg2
1-0